000 00749nai a2200193Ia 4500
003 IN-BaIIA
008 211028c9999 xx s 000 0 eng d
022 _a2168-1740 (Print)
022 _a2168-1759 (Online)
040 _cIIA Library
245 0 _aTransactions of the I.R.E. Professional Group on Electronic Computers
_h[eJournal]
260 _aNew York, USA
_bThe Institute of Electrical and Electronics Engineers, Inc. (IEEE)
310 _aQuarterly
362 _aPGEC-1(1); 1952 - EC-3(4); 1954
521 _bSubscribed through National Knowledge Resource Consortium (NKRC)
650 _aComputing and Processing
_948785
856 _uhttps://ieeexplore.ieee.org/servlet/opac?punumber=5407679
_yClick Here to Access eJournal
942 _cEJ
999 _c35815
_d35815